Personnage mystère #31 - Statistiques

Statistiques générales
  • Ce quiz a été pris 237 fois
  • Le résultat moyen est 4 sur 7
Statistiques - réponses
Lettres Indices % Correct
NAPOJ Japon
100%
SOHÉR Héros
93%
GNAMA Manga
87%
GINMON Mignon
48%
RURITENAVE Aventurier
34%
SHARTEM Hamster
10%
Nom du personnage Hamtaro
8%
Aucun quiz correspondant
Distribution des résultats
% des personnes avec chaque résultat
Percentile par nombre de réponses
Votre historique - résultats
Vous n’avez pas pris ce quiz